000 00872nam a22001937a 4500
003 JO-AjAnu
005 20251014093111.0
008 251013b jo ||||| |||| 00| 0 ara d
020 _a978-9957-33-892-3
022 _a4996/9/2021
040 _aANU
_cJO-AjAnu
041 _hARA
100 _aالمؤتمر العلمي الدولي المحكم
_966827
_eمعد
245 _aالمؤتمر العلمي الدولي المحكم : التحول الرقمي والذكاء الإصطناعي في بيئة الأعمال
_c / المؤتمر العلمي الدولي المحكم (جامعة عمان العربية)
260 _aعمان :
_bمؤسسة الوراق للنشر والتوزيع،
_c2022
300 _a108 ورقة + 41 Pages
650 _vالذكاء الاصطناعي-التطور الاداري-إدارة الأعمال
942 _2lcc
_cREF
_n0
999 _c34082
_d34082